000 00429nam a2200169Ia 4500
008 230524s9999 xx 000 0 und d
020 _a8120321006
082 _a6.4
_bJON
100 _aJohn Uffenbeck
245 0 _a"Microcomputers and Microprocessors (The 8080, 8085, Z-80..)"
250 _a2ND
260 _aNEW DELHI
_bPHI
_c1999
300 _aXIV;690
500 _aQuantity Number: 3
650 _aComp-Sc
942 _cBK
999 _c16534
_d16534